| 000 | 00863cam a22002653a 4500 | ||
|---|---|---|---|
| 001 | 17546 | ||
| 003 | PGUSA | ||
| 005 | 20140828083356.0 | ||
| 008 | 060118s2006||||xxu|||||s|||||000 1 eng d | ||
| 040 |
_aPGUSA _beng |
||
| 042 | _adc | ||
| 050 | 4 | _aPZ | |
| 100 | 1 |
_aHenty, G. A. _q(George Alfred), _d1832-1902 |
|
| 245 | 1 | 4 |
_aThe Lion of Saint Mark : _bA Story of Venice in the Fourteenth Century _h[electronic resource] / _cG. A. Henty |
| 260 |
_bProject Gutenberg, _c2006 |
||
| 506 | _aPublic domain in the USA. | ||
| 516 | _aElectronic text | ||
| 653 | _aAdventure stories | ||
| 653 | _aVenice (Italy) -- History -- Juvenile fiction | ||
| 653 | _aFathers and sons -- Juvenile fiction | ||
| 653 | _aBritish -- Italy -- Venice -- Juvenile fiction | ||
| 830 | 0 |
_aProject Gutenberg _v17546 |
|
| 856 | 4 | 0 | _uhttp://www.gutenberg.org/ebooks/17546 |
| 942 | _cEB | ||
| 999 |
_c246801 _d246801 |
||